[Event "wyco2016"]
[Site "?"]
[Date "2016.07.24"]
[Round "4.32"]
[White "Cisko, Miloslav"]
[Black "Liu, Suhui"]
[Result "0-1"]
[BlackElo "1594"]
[WhiteElo "1631"]
[LiveChessVersion "1.4.7"]

1. e4 {[%clk 1:30:57]} c5 {[%clk 1:30:57]} 2. Nf3 {[%clk 1:30:52]} Nc6
{[%clk 1:31:20]} 3. d4 {[%clk 1:30:38]} cxd4 {[%clk 1:31:44]} 4. Nxd4
{[%clk 1:30:32]} Nf6 {[%clk 1:32:09]} 5. Nc3 {[%clk 1:30:16]} d6 {[%clk 1:32:29]}
6. Be2 {[%clk 1:30:04]} e6 {[%clk 1:32:52]} 7. Be3 {[%clk 1:28:46]} Be7
{[%clk 1:33:16]} 8. Qd2 {[%clk 1:27:59]} a6 {[%clk 1:33:25]} 9. f3
{[%clk 1:27:44]} Qc7 {[%clk 1:32:59]} 10. O-O-O {[%clk 1:23:13]} O-O
{[%clk 1:33:14]} 11. g4 {[%clk 1:20:57]} b5 {[%clk 1:33:19]} 12. g5
{[%clk 1:20:20]} Ne8 {[%clk 1:29:20]} 13. f4 {[%clk 1:16:23]} b4 {[%clk 1:28:57]}
14. Na4 {[%clk 1:15:36]} Bd7 {[%clk 1:26:25]} 15. Nxc6 {[%clk 1:02:13]} Bxc6
{[%clk 1:20:56]} 16. Nb6 {[%clk 0:56:00]} Rb8 {[%clk 1:19:08]} 17. Qxb4
{[%clk 0:35:11]} d5 {[%clk 1:16:23]} 18. Qd4 {[%clk 0:34:01]} dxe4
{[%clk 1:02:53]} 19. Nc4 {[%clk 0:29:54]} Bb5 {[%clk 0:35:08]} 20. Rd2
{[%clk 0:23:08]} Rc8 {[%clk 0:26:45]} 21. b3 {[%clk 0:20:55]} Bb4
{[%clk 0:16:59]} 22. c3 {[%clk 0:15:30]} Nd6 {[%clk 0:05:39]} 23. cxb4
{[%clk 0:13:52]} Nf5 {[%clk 0:03:52]} 24. Qc3 {[%clk 0:13:55]} Qb7
{[%clk 0:02:19]} 25. Kb2 {[%clk 0:13:22]} Nxe3 {[%clk 0:01:55]} 26. Qxe3
{[%clk 0:13:45]} Bxc4 {[%clk 0:02:13]} 27. Bxc4 {[%clk 0:14:02]} Qxb4
{[%clk 0:02:32]} 28. Qc3 {[%clk 0:13:03]} Rxc4 {[%clk 0:02:16]} 29. Qxb4
{[%clk 0:12:09]} Rxb4 {[%clk 0:02:42]} 30. Re1 {[%clk 0:11:50]} e3
{[%clk 0:02:35]} 31. Rxe3 {[%clk 0:12:10]} Rxf4 {[%clk 0:03:02]} 32. Rd6
{[%clk 0:12:13]} Ra8 {[%clk 0:02:32]} 33. Red3 {[%clk 0:12:27]} h6
{[%clk 0:01:46]} 34. gxh6 {[%clk 0:12:19]} gxh6 {[%clk 0:02:11]} 35. Rd2
{[%clk 0:12:25]} Kg7 {[%clk 0:02:21]} 36. Kc2 {[%clk 0:12:17]} Rc8+
{[%clk 0:02:13]} 37. Kd3 {[%clk 0:12:30]} a5 {[%clk 0:02:37]} 38. Ke3
{[%clk 0:12:50]} Rf5 {[%clk 0:02:53]} 39. Ke4 {[%clk 0:13:02]} Kf6
{[%clk 0:03:03]} 40. Ra6 {[%clk 0:12:41]} Rcc5 {[%clk 0:02:27]} 41. Rad6
{[%clk 0:11:19]} Rce5+ {[%clk 0:02:30]} 42. Kd4 {[%clk 0:11:36]} Rf4+
{[%clk 0:02:40]} 43. Kc3 {[%clk 0:11:51]} Rc5+ {[%clk 0:02:16]} 44. Kb2
{[%clk 0:11:03]} Ke5 {[%clk 0:02:33]} 45. R6d3 {[%clk 0:11:20]} h5
{[%clk 0:01:33]} 46. h3 {[%clk 0:11:18]} f5 {[%clk 0:01:48]} 47. Re3+
{[%clk 0:11:15]} Re4 {[%clk 0:02:09]} 48. Rg3 {[%clk 0:11:30]} Kf4
{[%clk 0:02:23]} 49. Rgg2 {[%clk 0:11:23]} Re3 {[%clk 0:01:52]} 50. h4
{[%clk 0:11:38]} e5 {[%clk 0:01:58]} 51. Rg5 {[%clk 0:11:47]} e4 {[%clk 0:01:58]}
52. Rxh5 {[%clk 0:11:46]} Rf3 {[%clk 0:02:00]} 53. Rh8 {[%clk 0:10:40]} Ke3
{[%clk 0:01:52]} 54. Rd1 {[%clk 0:10:39]} Ke2 {[%clk 0:01:52]} 55. Rhd8
{[%clk 0:11:01]} Rd3 {[%clk 0:01:34]} 56. R1xd3 {[%clk 0:11:00]} exd3
{[%clk 0:01:58]} 57. Re8+ {[%clk 0:11:22]} Kd1 {[%clk 0:01:46]} 58. h5
{[%clk 0:10:09]} f4 {[%clk 0:02:00]} 59. h6 {[%clk 0:10:27]} Rc2+
{[%clk 0:01:54]} 60. Ka3 {[%clk 0:10:27]} Rh2 {[%clk 0:01:54]} 61. Rd8
{[%clk 0:10:24]} d2 {[%clk 0:02:34]} 62. Rh8 {[%clk 0:10:05]} f3 {[%clk 0:02:44]}
63. h7 {[%clk 0:10:26]} f2 {[%clk 0:02:57]} 64. Rf8 {[%clk 0:10:45]} Rxh7
{[%clk 0:03:15]} 65. Rxf2 {[%clk 0:10:45]} Ke1 {[%clk 0:03:15]} 66. Rxd2
{[%clk 0:10:45]} Kxd2 {[%clk 0:03:15]} 67. Ka4 {[%clk 0:11:51]} Kc3
{[%clk 0:03:58]} 68. a3 {[%clk 0:11:51]} Ra7 {[%clk 0:04:15]} 69. b4
{[%clk 0:11:50]} axb4+ {[%clk 0:04:33]} 0-1

[Event "wyco2016"]
[Site "?"]
[Date "2016.07.24"]
[Round "4.33"]
[White "Michaelides, Konstantinos"]
[Black "Ng, Chung Lok Andrew"]
[Result "1-0"]
[BlackElo "1648"]
[WhiteElo "2154"]
[LiveChessVersion "1.4.7"]

1. e4 {[%clk 1:30:53]} c5 {[%clk 1:30:59]} 2. Nf3 {[%clk 1:31:13]} Nc6
{[%clk 1:31:26]} 3. Bb5 {[%clk 1:31:11]} g6 {[%clk 1:31:52]} 4. O-O
{[%clk 1:31:16]} Bg7 {[%clk 1:32:20]} 5. Bxc6 {[%clk 1:30:36]} dxc6
{[%clk 1:32:47]} 6. d3 {[%clk 1:30:45]} e5 {[%clk 1:33:14]} 7. Be3
{[%clk 1:30:37]} Qe7 {[%clk 1:33:37]} 8. Re1 {[%clk 1:29:50]} Nf6
{[%clk 1:34:00]} 9. h3 {[%clk 1:29:08]} O-O {[%clk 1:34:27]} 10. a4
{[%clk 1:28:35]} Rd8 {[%clk 1:34:47]} 11. Qc1 {[%clk 1:28:26]} Nd7
{[%clk 1:34:51]} 12. Na3 {[%clk 1:27:09]} Nf8 {[%clk 1:33:16]} 13. a5
{[%clk 1:25:42]} Ne6 {[%clk 1:32:19]} 14. c3 {[%clk 1:25:56]} Rxd3
{[%clk 1:31:05]} 15. Nc4 {[%clk 1:26:12]} Nf8 {[%clk 1:29:29]} 16. Qc2
{[%clk 1:06:11]} Rd8 {[%clk 1:26:12]} 17. Qa4 {[%clk 1:05:17]} f6
{[%clk 1:11:12]} 18. Qa3 {[%clk 1:04:50]} Be6 {[%clk 1:11:22]} 19. Bxc5
{[%clk 1:02:53]} Qc7 {[%clk 1:11:45]} 20. Ncd2 {[%clk 0:46:50]} Bf7
{[%clk 1:02:09]} 21. b4 {[%clk 0:44:20]} Ne6 {[%clk 1:02:18]} 22. Be3
{[%clk 0:44:29]} Bf8 {[%clk 0:52:47]} 23. Qb2 {[%clk 0:42:05]} g5
{[%clk 0:50:53]} 24. g3 {[%clk 0:35:26]} Qc8 {[%clk 0:39:14]} 25. Kg2
{[%clk 0:33:23]} Bd6 {[%clk 0:35:25]} 26. Nb3 {[%clk 0:31:39]} Bh5
{[%clk 0:28:53]} 27. Nfd2 {[%clk 0:31:00]} Kh8 {[%clk 0:28:51]} 28. Nc4
{[%clk 0:29:46]} Nf4+ {[%clk 0:23:59]} 29. gxf4 {[%clk 0:26:31]} gxf4
{[%clk 0:24:26]} 30. Nxd6 {[%clk 0:24:39]} Rxd6 {[%clk 0:24:52]} 31. Bc5
{[%clk 0:24:21]} Rd3 {[%clk 0:25:07]} 32. Be3 {[%clk 0:23:06]} fxe3
{[%clk 0:24:37]} 33. Rxe3 {[%clk 0:23:30]} Rxe3 {[%clk 0:24:53]} 34. fxe3
{[%clk 0:23:59]} Bf3+ {[%clk 0:24:55]} 35. Kh2 {[%clk 0:23:07]} Bxe4
{[%clk 0:24:59]} 36. Nc5 {[%clk 0:23:34]} Bf5 {[%clk 0:24:19]} 37. Qf2
{[%clk 0:23:58]} Kg7 {[%clk 0:22:44]} 38. Rf1 {[%clk 0:24:01]} Bg6
{[%clk 0:18:29]} 39. Qxf6+ {[%clk 0:24:21]} Kg8 {[%clk 0:16:18]} 40. Ne6
{[%clk 0:24:47]} 1-0

[Event "wyco2016"]
[Site "?"]
[Date "2016.07.24"]
[Round "4.34"]
[White "Oh, Benjamin Yao Teng"]
[Black "Theocharous, Mikis"]
[Result "1-0"]
[BlackElo "1604"]
[WhiteElo "1687"]
[LiveChessVersion "1.4.7"]

1. e4 {[%clk 1:30:54]} e5 {[%clk 1:30:53]} 2. Nf3 {[%clk 1:31:17]} Nc6
{[%clk 1:31:11]} 3. Bc4 {[%clk 1:31:33]} Bc5 {[%clk 1:31:22]} 4. b4
{[%clk 1:31:45]} Bxb4 {[%clk 1:24:40]} 5. c3 {[%clk 1:32:05]} Ba5
{[%clk 1:15:09]} 6. d4 {[%clk 1:32:25]} d6 {[%clk 0:55:37]} 7. Qb3
{[%clk 1:31:21]} Nxd4 {[%clk 0:34:33]} 8. Nxd4 {[%clk 1:30:36]} exd4
{[%clk 0:34:37]} 9. Bxf7+ {[%clk 1:30:50]} Kf8 {[%clk 0:34:36]} 10. O-O
{[%clk 1:29:20]} Bxc3 {[%clk 0:33:47]} 11. Nxc3 {[%clk 1:28:12]} dxc3
{[%clk 0:33:56]} 12. e5 {[%clk 1:23:44]} Qe7 {[%clk 0:27:40]} 13. Bh5
{[%clk 1:20:19]} g6 {[%clk 0:23:51]} 14. exd6 {[%clk 1:19:56]} cxd6
{[%clk 0:23:30]} 15. Bf3 {[%clk 1:07:18]} Qc7 {[%clk 0:20:02]} 16. Bf4
{[%clk 1:04:50]} Ne7 {[%clk 0:17:53]} 17. Bh6+ {[%clk 1:02:52]} Ke8
{[%clk 0:17:55]} 18. Rfe1 {[%clk 1:01:40]} Rb8 {[%clk 0:15:53]} 19. Bg5
{[%clk 1:01:02]} Qc5 {[%clk 0:04:31]} 20. Rxe7+ {[%clk 1:01:12]} Kf8
{[%clk 0:04:46]} 21. Qf7# 1-0

[Event "wyco2016"]
[Site "?"]
[Date "2016.07.24"]
[Round "4.35"]
[White "Charalambous, Charalambos"]
[Black "Deng, Jing Xin Crystal"]
[Result "0-1"]
[BlackElo "1653"]
[WhiteElo "1593"]
[LiveChessVersion "1.4.7"]

1. e4 {[%clk 1:30:58]} c5 {[%clk 1:30:56]} 2. Nf3 {[%clk 1:31:25]} Nc6
{[%clk 1:31:20]} 3. d4 {[%clk 1:31:50]} cxd4 {[%clk 1:31:45]} 4. Nxd4
{[%clk 1:32:15]} g6 {[%clk 1:32:11]} 5. c4 {[%clk 1:32:36]} Nf6 {[%clk 1:32:31]}
6. Nc3 {[%clk 1:33:00]} d6 {[%clk 1:32:55]} 7. f3 {[%clk 1:33:21]} Nxd4
{[%clk 1:31:41]} 8. Qxd4 {[%clk 1:33:44]} Bg7 {[%clk 1:31:43]} 9. Be3
{[%clk 1:34:09]} O-O {[%clk 1:31:55]} 10. Qd2 {[%clk 1:34:35]} Be6
{[%clk 1:32:09]} 11. Rc1 {[%clk 1:34:54]} Qa5 {[%clk 1:31:23]} 12. Nd5
{[%clk 1:35:17]} Qxd2+ {[%clk 1:29:37]} 13. Kxd2 {[%clk 1:35:41]} Bxd5
{[%clk 1:24:22]} 14. cxd5 {[%clk 1:36:04]} Rac8 {[%clk 1:21:12]} 15. g3
{[%clk 1:35:52]} Rxc1 {[%clk 1:10:11]} 16. Kxc1 Nd7 {[%clk 1:09:40]} 17. b3
{[%clk 1:36:34]} Rc8+ {[%clk 1:06:51]} 18. Kd2 {[%clk 1:36:55]} Bc3+
{[%clk 1:02:01]} 19. Kd1 {[%clk 1:25:19]} a6 {[%clk 0:56:06]} 20. Bh3
{[%clk 1:23:42]} Rc7 {[%clk 0:53:32]} 21. Bxd7 {[%clk 1:16:00]} Rxd7
{[%clk 0:53:55]} 22. Rf1 {[%clk 1:16:26]} Kg7 {[%clk 0:51:24]} 23. Rf2
{[%clk 1:12:23]} Ba5 {[%clk 0:44:34]} 24. Rc2 {[%clk 1:12:39]} e6
{[%clk 0:39:36]} 25. dxe6 {[%clk 1:08:55]} fxe6 {[%clk 0:39:53]} 26. a3
{[%clk 1:06:23]} d5 {[%clk 0:30:55]} 27. b4 {[%clk 1:01:48]} Bd8 {[%clk 0:28:37]}
28. exd5 {[%clk 1:00:21]} exd5 {[%clk 0:28:42]} 29. Bd4+ {[%clk 1:00:42]} Bf6
{[%clk 0:27:39]} 30. Bb6 {[%clk 0:49:01]} Kf7 {[%clk 0:23:31]} 31. Kd2
{[%clk 0:43:02]} Ke6 {[%clk 0:20:06]} 32. Kd3 {[%clk 0:43:19]} g5
{[%clk 0:14:56]} 33. Bd4 {[%clk 0:37:28]} Bxd4 {[%clk 0:13:18]} 34. Kxd4
{[%clk 0:37:53]} Rf7 {[%clk 0:13:04]} 35. Rc3 {[%clk 0:38:01]} h6
{[%clk 0:12:16]} 36. Re3+ {[%clk 0:25:41]} Kd6 {[%clk 0:12:35]} 37. Re5
{[%clk 0:25:54]} Rxf3 {[%clk 0:12:32]} 38. Rxd5+ {[%clk 0:26:17]} Kc6
{[%clk 0:12:10]} 39. Rc5+ {[%clk 0:26:41]} Kd6 {[%clk 0:12:12]} 40. Rc3
{[%clk 0:23:22]} Rxc3 {[%clk 0:11:09]} 41. Kxc3 {[%clk 0:23:44]} Kd5
{[%clk 0:11:34]} 42. Kd3 {[%clk 0:24:06]} b5 {[%clk 0:11:33]} 43. h3
{[%clk 0:21:02]} h5 {[%clk 0:07:40]} 44. Ke3 {[%clk 0:16:49]} Ke5
{[%clk 0:01:49]} 45. Kf3 {[%clk 0:17:07]} Kf5 {[%clk 0:02:00]} 46. g4+
{[%clk 0:17:03]} hxg4+ {[%clk 0:02:24]} 47. Kg3 {[%clk 0:17:26]} gxh3
{[%clk 0:02:41]} 48. Kxh3 {[%clk 0:17:54]} Ke4 {[%clk 0:02:57]} 49. Kg4
{[%clk 0:17:52]} Kd3 {[%clk 0:03:22]} 50. Kxg5 {[%clk 0:18:20]} Kc3
{[%clk 0:03:45]} 51. Kf4 {[%clk 0:18:49]} Kb3 {[%clk 0:04:01]} 0-1

[Event "wyco2016"]
[Site "?"]
[Date "2016.07.24"]
[Round "4.36"]
[White "Lee, Katrina Yin Yee"]
[Black "Ioannides Liu, Lian"]
[Result "1-0"]
[BlackElo "1289"]
[WhiteElo "1644"]
[LiveChessVersion "1.4.7"]

1. e4 {[%clk 1:30:54]} e5 {[%clk 1:30:54]} 2. Nf3 {[%clk 1:31:20]} Nc6
{[%clk 1:31:18]} 3. Bb5 {[%clk 1:31:47]} a6 {[%clk 1:31:19]} 4. Ba4
{[%clk 1:32:12]} b5 {[%clk 1:31:36]} 5. Bb3 {[%clk 1:32:33]} Nf6 {[%clk 1:31:49]}
6. O-O {[%clk 1:32:19]} Bc5 {[%clk 1:31:53]} 7. c3 {[%clk 1:30:56]} O-O
{[%clk 1:26:02]} 8. Re1 {[%clk 1:29:20]} d6 {[%clk 1:22:27]} 9. h3
{[%clk 1:29:20]} Be6 {[%clk 1:20:25]} 10. Bc2 {[%clk 1:26:45]} Ne7
{[%clk 1:07:42]} 11. d4 {[%clk 1:24:06]} exd4 {[%clk 1:07:12]} 12. cxd4
{[%clk 1:24:25]} Bb4 {[%clk 1:06:15]} 13. Nc3 {[%clk 1:20:32]} h6
{[%clk 1:02:36]} 14. a3 {[%clk 1:19:30]} Bxc3 {[%clk 1:01:56]} 15. bxc3
{[%clk 1:19:49]} c6 {[%clk 0:59:38]} 16. Nh2 {[%clk 1:00:31]} Qa5
{[%clk 0:51:29]} 17. Bd2 {[%clk 0:59:09]} Rad8 {[%clk 0:45:15]} 18. f4
{[%clk 0:56:46]} Nh7 {[%clk 0:40:47]} 19. f5 {[%clk 0:51:54]} Bc4
{[%clk 0:40:01]} 20. Qg4 {[%clk 0:42:56]} Nf6 {[%clk 0:37:17]} 21. Qh4
{[%clk 0:40:22]} Rfe8 {[%clk 0:32:57]} 22. a4 {[%clk 0:39:48]} Qb6
{[%clk 0:31:53]} 23. Bxh6 {[%clk 0:37:28]} Kh8 {[%clk 0:26:58]} 24. Bg5+
{[%clk 0:30:35]} Nh7 {[%clk 0:26:32]} 25. Bxe7 {[%clk 0:30:16]} Rd7
{[%clk 0:26:17]} 26. f6 {[%clk 0:28:05]} g6 {[%clk 0:23:43]} 27. Qh6
{[%clk 0:28:19]} Rg8 {[%clk 0:23:26]} 28. Bf8 {[%clk 0:28:47]} Rd8
{[%clk 0:22:54]} 29. Bg7+ {[%clk 0:29:07]} Rxg7 {[%clk 0:23:07]} 30. Qxg7#
{[%clk 0:29:28]} 1-0